banner-ar

الارض والفلاح فى مصر: دراسة فى اثار تحرير الزراعة المصرية / (Record no. 43872)

MARC details
000 -الفاتح
حقل البيانات ثابتة الطول 00765nam a2200217Ia 4500
008 - عناصر البيانات ثابتة الطول - معلومات عامة
حقل البيانات ثابتة الطول 140319s9999 xx 000 0 ara d
040 ## - مصدر الفهرسة
وكالة الفهرسة الأصلية GCL /
وكالة النسخ GCL
082 04 - رقم تصنيف ديوى العشرى
رقم التصنيف ق
رقم المادة 333.1
-- م ا
100 1# - المدخل الرئيسى - إسم شخصى
الإسم الشخصى مركز الدراسات الاقتصادية الزراعية
245 10 - بيان العنوان
العنوان الارض والفلاح فى مصر: دراسة فى اثار تحرير الزراعة المصرية /
بيان المسئوليه,etc مركز الدراسات الاقتصادية الزراعية
700 1# - المدخل الاضافى - اسم شخصى
الإسم الشخصى جمال محمد صيام
700 1# - المدخل الاضافى - اسم شخصى
الإسم الشخصى محمد ابومندور
300 ## - الوصف المادى
التعداد 312
490 ## - بيان السلسلة
عنوان السلسلة 100 قصة
رقم المجلد/ التعيين التسلسلي 0
650 04 - المدخل الاضافى بالموضوع-مصطلح موضوعى
مصطلح موضوعي مصر
650 04 - المدخل الاضافى بالموضوع-مصطلح موضوعى
مصطلح موضوعي الزراعة
650 04 - المدخل الاضافى بالموضوع-مصطلح موضوعى
مصطلح موضوعي العمال الزراعيون
650 04 - المدخل الاضافى بالموضوع-مصطلح موضوعى
مصطلح موضوعي الجمعيات الزراعية
942 ## - عناصر المدخل الإضافي( كوها)
مصدر التصنيف او مخطط الترفيف Dewey Decimal Classification
Koha [default] item type كتاب
Holdings
حالة التراجع حالة الفقد حالة تلف ليس للاعارة المكان المؤقت الموقع الحالى تاريخ الاكتساب اجمالي اﻻعارات رقم الطلب الباركود تاريخ اخر مشاهدة تاريخ تفعيل السعر نوع وعاء كوها
        مكتبة القاهرة الكبرى مكتبة القاهرة الكبرى 03/26/2014   ق\333.1\م ا 106374 10/05/2022 03/26/2014 كتاب
        مكتبة القاهرة الكبرى مكتبة القاهرة الكبرى 03/26/2014   ق\333.1\م ا 106375 10/05/2022 03/26/2014 كتاب
        مكتبة القاهرة الكبرى مكتبة القاهرة الكبرى 03/26/2014   ق\333.1\م ا 106376 10/05/2022 03/26/2014 كتاب

Powered By

EGPV